000 00593cam a22001571 4500
082 _a370.1
_bMOH
100 1 _aRafiuddin, Muhammad.
_947084
245 1 0 _aFirst principles of education;
_ban analysis of the natural and perfect development of the human personality as distinguished from the various forms of its unnatural and imperfect development.
250 _a[1st ed.]
260 _aKarachi,
_bIqbal Academy Pakistan
_c[1961]
300 _a308 p.
_c24 cm.
526 _a0
_b0
_c0
_d370_100000000000000_MOH
650 0 _aEducation
_xPhilosophy.
_94188
650 0 _aMCE
_9379
942 _2ddc
_cBK
999 _c550388
_d550388